Music Quiz

Random Music Quiz

1999 Top 3 Singles Australia Quiz Stats

Quiz not verified by Sporcle

Also try: Song Title Chain
Challenge
Share
Tweet
Embed
Score 0/28 Timer 05:00
0 Plays Today
Artist & Title Hint Completed Title % Correct
Christina Aguilera - GIABGenie In A Bottle
90.9%
Cher - BBelieve
87.9%
Eiffel 65 - B(DBD)Blue (Da Ba Dee)
84.8%
Santana feat. Rob Thomas - SSmooth
84.8%
Lou Bega - MN5(ALBO)Mambo No. 5 (A Little Bit Of...)
81.8%
Britney Spears - BOMT...Baby One More Time
78.8%
TLC - NSNo Scrubs
78.8%
Shania Twain - MIFLAWMan! I Feel Like A Woman!
78.8%
The Offspring - PF(FAWG)Pretty Fly (For A White Guy)
75.8%
Sixpence None The Richer - KMKiss Me
75.8%
Jennifer Lopez - IYHMLIf You Had My Love
75.8%
Backstreet Boys - IWITWI Want It That Way
72.7%
Bryan Adams & Melanie C - WYGWhen You're Gone
66.7%
Shania Twain - TDIMMThat Don't Impress Me Much
63.6%
Artist & Title Hint Completed Title % Correct
Savage Garden - IKILYI Knew I Loved You
63.6%
TLC - UUnpretty
60.6%
Vengaboys - BBBBBoom, Boom, Boom, Boom!!
57.6%
Madison Avenue - DCMBDon't Call Me Baby
57.6%
Ronan Keating - WYSNAAWhen You Say Nothing At All
54.5%
Backstreet Boys - LTLLarger Than Life
54.5%
Britney Spears - SSometimes
48.5%
Spice Girls - GGoodbye
48.5%
Pearl Jam - LKLast Kiss
45.5%
S Club 7 - BIABBring It All Back
39.4%
5ive - IYGDIf Ya Gettin' Down
36.4%
Geri Halliwell - LAMLook At Me
27.3%
Silverchair - AFTY2Anthem For The Year 2000
18.2%
Joanne (BZ) - JJackie
12.1%

You're not logged in!

Compare scores with friends on all Sporcle quizzes.
Join for Free
OR
Log In

You Might Also Like...

Show Comments

Extras

Top Quizzes Today


Score Distribution

Your Account Isn't Verified!

In order to create a playlist on Sporcle, you need to verify the email address you used during registration. Go to your Sporcle Settings to finish the process.

Report this User

Report this user for behavior that violates our Community Guidelines.

Details: